000 00421nam a2200181Ia 4500
001 4138
005 20260306145733.0
008 260306t2010||||xx |||||||||||||| ||spa||
041 _aESP
082 _a306.85
_bS55
100 _aSilva Abbott, Max
_eAUT
245 0 _aLa Familia:
_bEl bien irremplazable
260 _c2010
300 _a204 páginas :
_c
650 _aGEN
654 _aCED
942 _cLIB
_dJUS
_fJUS
_2ddc
_n
999 _c4138
_d4138